header

Conflict and politics of identity in Sudan (Record no. 87494)

MARC details
000 -LEADER
fixed length control field 01447nam a2200373Ia 4500
100 1# - MAIN ENTRY--AUTHOR NAME
Personal name Idris, Amir H.,
245 10 - TITLE STATEMENT
Title Conflict and politics of identity in Sudan
260 ## - PUBLICATION, DISTRIBUTION, ETC. (IMPRINT)
Place of publication Houndmills, Basingstoke, Hampshire ;
-- New York, NY :
Name of publisher Palgrave Macmillan,
Year of publication 2005.
300 ## - PHYSICAL DESCRIPTION
Number of Pages xiv, 143 p.
650 #0 - SUBJECT ADDED ENTRY--TOPICAL TERM
Topical Term Political culture
Topical Term Political violence
Topical Term Citizenship
Topical Term Nationalism
Topical Term National characteristics, Sudanese.
Topical Term Slavery
856 40 - ELECTRONIC LOCATION AND ACCESS
Uniform Resource Identifier http://site.ebrary.com/lib/rucke/Doc?id=10135571

No items available.

© 2026 Rongo University
Contact us: librarian | system librarian | Rongo university